000 00349nam a2200145Ia 4500
005 20251222144654.0
008 251222s9999||||xx |||||||||||||| ||spa||
020 _a9972937704
082 _a985.064.092/G67
100 _aGonzales Arica, Guillermo
245 0 _aLos EscaƱos de Montesinos
250 _a1ra.ed.
264 _bFirmart
942 _cLIB
999 _c17189
_d17189